Hamlet Quotes - Statistics

General Stats
  • This quiz has been taken 9 times
  • The average score is 2 of 22
Answer Stats
Answer Speaker Context Theme/s % Correct
To be, or not to be: that is the question. Hamlet Hamlet contemplates existence, suicide, and the fear of the unknown after death. (His famous soliloquy) MoralityExistentialism
67%
Frailty, thy name is woman! Hamlet In his first soliloquy, Hamlet condemns his mother’s weakness and generalises it to all women. Women
33%
Get thee to a nunnery. Hamlet Hamlet cruelly rejects Ophelia, expressing distrust toward women and disillusionment with love. Women
22%
Seems, madam? Nay, it is; I know not ‘seems. Hamlet Responding to Gertrude, Hamlet rejects the idea of mere appearance in mourning his father’s death. Appearance vs Reality
22%
Something is rotten in the state of Denmark. Marcellus After seeing the Ghost, Marcellus comments that Denmark’s corruption runs deep. Corruption
22%
The play's the thing wherein Ill catch the conscience of the King. Hamlet Hamlet plans to stage a play mirroring his father’s murder to test Claudius’s guilt. Deception Truth
22%
Alas, poor Yorick! I knew him, Horatio. Hamlet Holding the skull of the court jester, Hamlet reflects on death’s inevitability and lost innocence. Death Decay
11%
By indirections find directions out. Polonius Advising Reynaldo to spy on Laertes by subtle deception — showcasing his manipulative nature. Deception Spying
0%
Good night, sweet prince, and flights of angels sing thee to thy rest. Horatio Horatio’s farewell to Hamlet as he dies — a final moment of peace and dignity. Death Peace
0%
I am but mad north-north-west. Hamlet Hamlet tells Rosencrantz and Guildenstern that his madness is only partial or feigned. Madness
0%
Imperious Caesar, dead and turned to clay. Hamlet Hamlet muses that even great rulers like Caesar return to dust, losing their worldly power. Death Equality
0%
Now might I do it pat, now he is praying. Hamlet Hamlet sees Claudius praying and resists killing him, fearing Claudius would go to heaven. RevengeConscience
0%
O, from this time forth, my thoughts be bloody, or be nothing worth! Hamlet After seeing Fortinbras’s army, Hamlet vows to stop hesitating and commit to revenge. Revenge Resolve
0%
O, my offence is rank, it smells to heaven. Claudius Claudius confesses privately that he murdered his brother but cannot repent sincerely. Corruption Guilt
0%
One may smile, and smile, and be a villain. Hamlet After hearing the Ghost’s revelation, Hamlet realises Claudius’s outward kindness hides evil. Deception Corruption
0%
O, that this too, too solid flesh would melt. Hamlet Early soliloquy expressing despair over his father’s death and Gertrude’s quick remarriage. Greif Despair
0%
O wicked wit and gifts, that have the power so to seduce! Hamlet Hamlet rebukes himself and others for being easily manipulated by charm and deception. Betrayal Deceit
0%
There’s a divinity that shapes our ends, rough-hew them how we will. Hamlet Hamlet accepts that fate or divine will controls human destiny, showing new calmness before the duel. Fate vs Free Will
0%
The undiscovered country from whose bourn no traveler returns. Hamlet From the same soliloquy as “To be or not to be”; death is seen as an unknown and fearful realm. Death Fear
0%
Though this be madness, yet there is method in’t. Polonius Polonius suspects that Hamlet’s strange behaviour conceals clever intent. Madness Deception
0%
Thus conscience does not make cowards of us all Hamlet From the “To be or not to be” soliloquy — Hamlet reflects that overthinking morality prevents decisive action. Action vs Inaction Morality
0%
When sorrows come, they come not single spies, but in battalions. Claudius As Ophelia goes mad, Claudius laments that tragedy in Denmark multiplies rapidly. Corruption Chaos
0%
No matching quizzes found
Score Distribution
Percent of People with Each Score
Percentile by Number Answered
Your Score History
You have not taken this quiz